Modelovanie systému riadenia VHJ a podniku v podmienkach automatizácie riadenia modelovanie organizačných systémov prípravy a obsluhy výroby

Salvato in:
Dettagli Bibliografici
Autore principale: Zalai, Karol
Natura: Libro
Lingua:slovacco
Pubblicazione: Bratislava Vysoká škola ekonomická 1983
Tags: Aggiungi Tag
Nessun Tag, puoi essere il primo ad aggiungerne!!

MARC

LEADER 00000nam a2200000 4500
001 c133935
005 20250709071231.7
041 0 |a slo 
044 |a SK 
245 1 0 |a Modelovanie systému riadenia VHJ a podniku v podmienkach automatizácie riadenia  |b modelovanie organizačných systémov prípravy a obsluhy výroby  |c Karol Zalai 
264 1 |a Bratislava  |b Vysoká škola ekonomická  |c 1983 
300 |a 21 s. 
100 1 |a Zalai, Karol